000
00299nam a22001097a 4500
082
_a
800/RAM
100
_a
Edi. Ramakrishnan, E.V.
_9
84028
245
_a
Literary criticism in india
_b
Texts, trends and trajectories
260
_a
New delhi
_b
Sahitya akademi
_c
2025
650
_a
Literature
942
_c
BK
999
_c
69049
_d
69049